000 00794nam a2200229 a 4500
999 _c10759
_d10759
001 10759
003 BD-JhCC
005 20220518134021.0
008 180905s2016 bg |||| |||| 000 0 mul d
020 _a9789843405906
035 _a(BD-JhCC)10759
040 _aBD-JhCC
_dBD-JhCC
041 _aBengali and Arabic
082 _a297.124
_bMUZ 2016
100 _aমুজাহিদ, আব্দুল মালেক
245 _aরাসূল (স)-এর ২০০শত সোনালী উপদেশ /
_c আব্দুল মালেক মুজাহিদ,
260 _aঢাকা :
_bমুসলিম ভিলেজ,
_c২০১৬.
300 _a১২৮ পৃ. :
_c১৫ সেমি.
650 _aহাদিস
650 _aHadith
942 _2ddc
_cBK
_05